Aproximación a los triángulos : (Record no. 8307)

MARC details
000 -LEADER
fixed length control field 00688 a2200181 4500
005 - DATE AND TIME OF LATEST TRANSACTION
control field 20150124121335.0
008 - FIXED-LENGTH DATA ELEMENTS--GENERAL INFORMATION
fixed length control field 110414t mx||||| |||| 00| 0 spa d
050 04 - LIBRARY OF CONGRESS CALL NUMBER
Classification number PQ7297 .M2867
Item number D44 1978
100 1# - MAIN ENTRY--PERSONAL NAME
Personal name Delgado, Alejandro
245 10 - TITLE STATEMENT
Title Aproximación a los triángulos :
Remainder of title notas sobre la poesía de Ramón Martínez Ocaranza /
Statement of responsibility, etc Alejandro Delgado.
250 ## - EDITION STATEMENT
Edition statement 1a. ed.
260 ## - PUBLICATION, DISTRIBUTION, ETC. (IMPRINT)
Place of publication, distribution, etc Morelia, Michoacán de Ocampo, México :
Name of publisher, distributor, etc Doble dia ediciones,
Date of publication, distribution, etc 1978
300 ## - PHYSICAL DESCRIPTION
Extent 28 p. :
Other physical details il. ;
Dimensions 17 cm.
504 ## - BIBLIOGRAPHY, ETC. NOTE
Bibliography, etc Incluye bibliografía
600 17 - SUBJECT ADDED ENTRY--PERSONAL NAME
Source of heading or term LEMB
Personal name Martínez Ocaranza, Ramón,
Dates associated with a name [1915-1982],
General subdivision Crítica e interpretación
650 #7 - SUBJECT ADDED ENTRY--TOPICAL TERM
Source of heading or term LEMB
Topical term or geographic name as entry element Poesía mexicana
Chronological subdivision Siglo XX
942 ## - ADDED ENTRY ELEMENTS (KOHA)
Source of classification or shelving scheme Biblioteca del Cogreso de los Estados Unidos
Koha item type Libro
Holdings
Estado de pérdida Fuente de clasificación Estado del daño No para préstamo Ubicación permanente Ubicación actual Apartado o colección Fecha de adquisición Edición Dependencia de educación superior (DES) Área del conocimiento Clasificación Código de Barras Date last seen Número de copia Costo por reposición Tipo de recurso Nota pública
  Biblioteca del Cogreso de los Estados Unidos     Biblioteca del Instituto de Investigaciones Históricas Biblioteca del Instituto de Investigaciones Históricas Fondo Michoacán 14/04/2011 1a ed. Humanidades Ciencias Sociales y Administrativas PQ7297 .M2867 D44 1978 IIH000007124 14/04/2011 C:1 1.00 Libro MICHOACÁN